Marvel une question par film ! - Statistiques

Statistiques générales
  • Ce quiz a été pris 1 330 fois
  • Le résultat moyen est 19 sur 38
Statistiques - réponses
Nom du film Question ! Réponse Date de sortie au
États-Unis
Recettes
Mondiales
Budget % Correct
Avengers: Endgame Parmi les Avengers, qui claque des doigts avec le gant en premier ? Bruce Banner/Hulk 26 avril 2019 2 799 439 100 $ 356 millions $
95%
Avengers Qui est le principal ennemi de l'histoire ? Loki 4 mai 2012 1 520 538 536 $ 220 millions $
88%
Avengers: Infinity War Qui est le méchant dans « Avengers Infinity War » ? Thanos 27 avril 2018 2 052 415 039 $ 300 millions $
85%
L'incroyable Hulk Quel est le nom de Hulk ? Bruce Banner (Green) 13 juin 2008 264 770 996 $ 150 millions $
84%
Iron Man 3 Comment se nomme la femme de iron man ? Pepper Potts 3 mai 2013 1 215 577 205 $ 200 millions $
81%
Captain America: First Avenger En quelle matière est fait son bouclier ? vibranium 22 juillet 2011 370 569 774 $ 140 millions $
80%
Captain America : Le Soldat de l'hiver Qui est le Soldat de l'Hiver ? Buck Barnes 4 avril 2014 714 421 503 $ 170 millions $
79%
Captain America: Brave New World Qui deviens le nouveau Captain America ? Falcon (Sam Wilson) le faucon 14 février 2025 415 101 577 $ 180 millions $
73%
Thor Qu'elle est le nom du marteau de Thor ? Mjöllnir 6 mai 2011 449 326 618 $ 150 millions $
72%
Spider-Man: No Way Home Quelle est l'identité de Spider-Man ? Peter Parker 17 décembre 2021 1 921 847 111 $ 200 millions $
72%
Spider-Man: Far From home Quel est le nom du meilleur ami de Peter ? Ned 2 juillet 2019 1 131 927 996 $ 160 millions $
71%
Black Widow Dans combien de films Marvel apparaît-elle ? 8 9 juillet 2021 379 751 655 $ 200 millions $
69%
Iron Man 2 Quel est le nom du père de Tony Stark ? Howard Stark 7 mai 2010 623 933 331 $ 200 millions $
68%
Les Gardiens de la Galaxie Vol. 3 Pour Thanos qui est sa fille qu'il préféré le moins ? Nebula 5 mai 2023 845 555 777 $ 250 millions $
61%
Thor: Love and Thunder Qui est la sœur de Thor ? Hela Odinsdottir 8 juillet 2022 760 928 081 $ 250 millions $
57%
Les Gardiens de la Galaxie Vol.2 Qui tue la créature qu'on voit en premier au tout début du film ? Gamora 5 mai 2017 863 756 051 $ 200 millions $
54%
Total des Film Question bonus : Qui a racheter Marvel ? The Walt Disney Company Aucune du coup ! 32 203 885 092 $ 7,36 millards $
53%
Avengers : l'Ère d'Ultron Dans quel pays les Avengers interviennent-ils au début du film ? Sokovie 1er mai 2015 1 405 018 048 $ 250 millions $
50%
Black Panther: Wakanda Forever Quel personnage deviens le nouveau Black Panther ? Shuri 11 novembre 2022 859 208 836 $ 250 millions $
49%
Doctor Strange Quel est le nom du Docteur Strange ? Stephen Strange 4 novembre 2016 677 796 076 $ 165 millions $
49%
Les Gardiens de la Galaxie Qui veut l'orbe pour détruire Xandar ? Ronan 1er août 2014 773 350 147 $ 196 millions $
46%
Ant-Man et la Guêpe : Quantumania Qui est le grand méchant du film ? Kang le conquérant 17 février 2023 476 071 180 $ 200 millions $
43%
Thunderbolts* Qui est l’héroïne du film ? Yelena Belova 2 mai 2025 382 130 755 $ 180 millions $
43%
Spider-Man: Homecoming Pendant quel cours Peter raconte-t-il à Ned sa rencontre avec Captain America ? sport 7 juillet 2017 880 166 924 $ 175 millions $
40%
Thor: Ragnarok Qui va aider Thor et Loki à retrouver Odin ? Doctor Strange 3 novembre 2017 855 301 806 $ 180 millions $
39%
Ant-Man Quel est le premier Avenger rencontré par Ant-Man ? Faucon 17 juillet 2015 519 311 965 $ 130 millions $
39%
Black Panther Comment s'appelle le cousin de T'challa ? Erik Killmonger 16 février 2018 1 349 926 083 $ 200 millions $
33%
Doctor Strange in the Multiverse of Madness Qui est le Maîtres des arts mystiques ? Wong 6 mai 2022 955 775 804 $ 200 millions $
33%
Les Quatre Fantastiques : Premiers pas Ou née le bébé de Mr Fantastique & Jane Storm ? l'espace 25 juillet 2025 241 314 193 $ 200 millions $
30%
Deadpool & Wolverine Comment s'appelle le chien de Deadpool ? Peggy (Dogpool) 26 juillet 2024 1 338 073 645 $ 200 millions $
30%
Thor : Le Monde des ténèbres Qui est l'ennemi de Thor dans ce 2ème opus ? Malekith 8 novembre 2013 644 783 140 $ 170 millions $
24%
Captain Marvel Comment s'appelle le chat dans Captain Marvel ? Goose 8 mars 2019 1 131 416 446 $ 175 millions $
18%
Captain America: Civil War Quel homme a une armure avec des dessins de squelettes ? Crossbones 6 mai 2016 1 155 046 416 $ 250 millions $
16%
The Marvels Comment se nomme le personnage principal de The Marvels ? Carol Danvers 8 novembre 2023 206 058 984 $ 274 millions $
13%
Les Éternels Qui est la personnage muette dans les eternels ? Makkari 5 novembre 2021 402 064 899 $ 200 millions $
11%
Iron Man De quelle couleur est le premier prototype d'Iron Man ? Chrome 2 mai 2008 585 366 247 $ 140 millions $
9%
Ant-Man et la Guèpe Qui est la fille fantôme qui fout la pagaille partout quand Hope et ce méchant sont en affaire ? Ava Starr 6 juillet 2018 622 674 139 $ 130 millions $
8%
Shang-Chi et la Légende des Dix Anneaux Comment s’appelle la meilleure amie de Shang-Chi ? Katy 3 septembre 2021 432 243 292 $ 175 millions $
8%
Aucun quiz correspondant
Distribution des résultats
% des personnes avec chaque résultat
Percentile par nombre de réponses
Votre historique - résultats
Vous n’avez pas pris ce quiz